Der Begriff der Natur und das Naturrecht

Zapisane w:
Opis bibliograficzny
1. autor: Zacher, Ewald (Autor)
Format: Książka
Język:niemiecki
Wydane: Berlín Duncker & Humblot 1973
Seria:Schriften zur Rechtstheorie, 33
Hasła przedmiotowe:
Etykiety: Dodaj etykietę
Nie ma etykietki, Dołącz pierwszą etykiete!

MARC

LEADER 00000nam a2200000 a 4500
001 UCR1733
003 CL-VaPUC
008 971219e19730000GW |||||||||||||||||ger|d
082 0 4 |a 340.11  |b ZAC  |2 21 
100 0 |a Zacher, Ewald  |e author  |9 399148 
245 1 4 |a Der Begriff der Natur und das Naturrecht 
300 |a 178 p 
942 |c BK 
945 |d 19971219 00:00:00  |a aolguin 
260 |a Berlín  |b Duncker & Humblot  |c 1973 
650 0 |a Derecho natural   |9 255041 
650 0 |a Filosofía del derecho   |9 255050 
650 0 |a Antropología   |9 233030 
650 0 |a Ontología   |9 256850 
650 0 |a Teoría del derecho  |9 255982 
583 |a last modification  |c 19971219 00:00:00  |k Rodrigo Vera 
490 0 |a Schriften zur Rechtstheorie, 33 
999 |c 265100  |d 265098 
952 |0 0  |1 0  |4 0  |6 340_110000000000000_ZAC_1973  |7 0  |8 DER_HIS  |9 295894  |a BIBDER  |b BIBDER  |d 2019-11-20  |i 1919016  |o 340.11 ZAC 1973  |p 1919016  |r 2023-01-25  |w 2019-11-20  |x Ubicación 4to Piso  |y BK  |z Estos recursos deben solicitarse con anticipación  |k DER